| 000 | 00914nam a2200241 a 4500 | ||
|---|---|---|---|
| 001 | |||
| 003 | DO-SdBNP | ||
| 005 | 20250204092151.0 | ||
| 007 | ta | ||
| 008 | 091202s1973 dr 001 0 sspad | ||
| 040 |
_aDO-SdBNP _bspa _cBNPHU |
||
| 082 | 4 |
_aRD868.44 _bJ94a, 1973 _222 |
|
| 100 | 1 |
_aJulia, Julio Jaime _d1922-1993 _920185 |
|
| 245 | 1 | 0 |
_aDel árbol del olvido : _b(aporte a la bibliografía de Ligio Vizardi) / _cJulio Jaime Julia. |
| 260 |
_aSanto Domingo : _b Daf Hernández, _c1973. |
||
| 300 |
_a619 p. : _c23 cm. |
||
| 505 |
_aIndice -- _tPrefacio -- _tPoesías -- _tDiscursos -- _tTrabajos galardonados -- _tProsas -- _tCartas -- _tHumorismo -- _tCuentos -- _tTributos a su memoria -- |
||
| 590 | _aInventariado, 2019 /LP | ||
| 600 | 1 | 4 |
_aLizardi, Ligio, _d1895-1968 _vColección de escritos _982635 |
| 650 | 0 |
_aEnsayos dominicanos _965 |
|
| 910 | _aValidado. Control de calidad MFF | ||
| 942 |
_2ddc _cLBS1 |
||
| 999 |
_c48806 _d48806 |
||